Southville International School and Colleges
Your cart is empty.
  • Cart
  • Lists
    Public lists Eva Luna New books Lux_list list_1
    Your lists Log in to create your own lists
  • Log in to your account
  • Your cookies
  • Search history
Southville International School and Colleges
  • Advanced search
  • Recent comments
  • Most popular
  • Libraries

Log in to your account

Log in with GOOGLE


If you do not have an external account, but do have a local account, you can still log in:

  1. Home
  2. MARC view: Flora Filipina :
Normal view MARC view ISBD view

Flora Filipina : (Record no. 18609)

[ view plain ]
MARC details
000 -LEADER
fixed length control field 01036cam a22003377a 4500
001 - CONTROL NUMBER
control field 16117829
003 - CONTROL NUMBER IDENTIFIER
control field OSt
005 - DATE AND TIME OF LATEST TRANSACTION
control field 20140310183048.0
008 - FIXED-LENGTH DATA ELEMENTS--GENERAL INFORMATION
fixed length control field 100304s2009 ph a b 001 0 eng
010 ## - LIBRARY OF CONGRESS CONTROL NUMBER
LC control number 2010338248
020 ## - INTERNATIONAL STANDARD BOOK NUMBER
International Standard Book Number 9789719429258
040 ## - CATALOGING SOURCE
Original cataloging agency DLC
Transcribing agency DLC
Modifying agency DLC
042 ## - AUTHENTICATION CODE
Authentication code lcode
043 ## - GEOGRAPHIC AREA CODE
Geographic area code a-ph---
050 00 - LIBRARY OF CONGRESS CALL NUMBER
Classification number QK 368
Item number .Al475 2009
082 ## - DEWEY DECIMAL CLASSIFICATION NUMBER
Classification number FIL 581.9599
Item number A475 2009
100 1# - MAIN ENTRY--PERSONAL NAME
Personal name Alvina, Corazon S.
245 10 - TITLE STATEMENT
Title Flora Filipina :
Remainder of title from Acapulco to Manila /
Statement of responsibility, etc Alvina, Corazon
250 ## - EDITION STATEMENT
Edition statement 1st ed.
260 ## - PUBLICATION, DISTRIBUTION, ETC. (IMPRINT)
Place of publication, distribution, etc [Manila] :
Name of publisher, distributor, etc ArtPostAsia :
-- National Museum of the Philippines,
Date of publication, distribution, etc c2009.
300 ## - PHYSICAL DESCRIPTION
Extent 102 p. :
Other physical details col. ill. ;
Dimensions 23 cm.
504 ## - BIBLIOGRAPHY, ETC. NOTE
Bibliography, etc Includes bibliographical references and index.
521 ## - TARGET AUDIENCE NOTE
Target audience note
526 ## - STUDY PROGRAM INFORMATION NOTE
Reading level 1210L to 1700L
541 ## - IMMEDIATE SOURCE OF ACQUISITION NOTE
-- 1
562 ## - COPY AND VERSION IDENTIFICATION NOTE
Number of copies for circulation. 1 copy available in the collection
700 1# - ADDED ENTRY--PERSONAL NAME
Personal name Madulid, Domingo A.
906 ## - LOCAL DATA ELEMENT F, LDF (RLIN)
a 7
b cbc
c origode
d 4
e ncip
f 20
g y-gencatlg
942 ## - ADDED ENTRY ELEMENTS (KOHA)
Source of classification or shelving scheme Library of Congress Classification
Koha item type Books
Call number prefix Filipininana
Holdings
Withdrawn status Lost status Source of classification or shelving scheme Damaged status Home library Current library Shelving location Date acquired Source of acquisition Total Checkouts Full call number Barcode Date last seen Copy number Price effective from Koha item type
    Library of Congress Classification   Archives Archives   02/27/2013 Donation   QK 368 .Al475 2009 C14682 05/08/2018 1 02/27/2013 Books

Flora Filipina :

APA

Alvina C. S., Madulid D. A., . (2009). Flora Filipina. [Manila]: ArtPostAsia.

Chicago

Alvina Corazon S, Madulid Domingo A, . 2009. Flora Filipina. [Manila]: ArtPostAsia.

Harvard

Alvina C. S., Madulid D. A., . (2009). Flora Filipina. [Manila]: ArtPostAsia.

MLA

Alvina Corazon S, Madulid Domingo A, . Flora Filipina. [Manila]: ArtPostAsia. 2009.

  • Place hold
  • Print
  • Cite
  • Add to your cart (remove)
  • Save record
    BIBTEX Dublin Core MARCXML MARC (non-Unicode/MARC-8) MARC (Unicode/UTF-8) MARC (Unicode/UTF-8, Standard) MODS (XML) RIS
  • More searches
    Search for this title in:
    Other Libraries (WorldCat) Other Databases (Google Scholar) Online Stores (Bookfinder.com) Open Library (openlibrary.org)

Exporting to Dublin Core...

SOUTHVILLE LIBRARY

Southville International School and Colleges Library

1281 Tropical Ave. Cor. Luxembourg St., BF Homes International, Las Pinas City

Tel. No. 8256374 / 252358 Loc. 117/146

Powered by Koha